Process plant design (Record no. 35462)

MARC details
000 -LEADER
fixed length control field 00292nam a2200121Ia 4500
082 ## - DEWEY DECIMAL CLASSIFICATION NUMBER
Classification number 066.01
Item number BAC
100 ## - MAIN ENTRY--AUTHOR NAME
Personal name Backhurst, J R
245 #0 - TITLE STATEMENT
Title Process plant design
260 ## - PUBLICATION, DISTRIBUTION, ETC. (IMPRINT)
Place of publication London
Name of publisher Heinemann
Year of publication 1973
700 ## - ADDED ENTRY--PERSONAL NAME
Personal name Harker, J H
942 ## - ADDED ENTRY ELEMENTS (KOHA)
Koha item type Books
Holdings
Withdrawn status Lost status Damaged status Not for loan Home library Current library Date acquired Full call number Accession Number Koha item type
        RRII Library RRII Library 16/12/2021 066.01 BAC 15886 Books